Complete the Movie Title (1976) - Statistics

General Stats
  • This quiz has been taken 503 times
  • The average score is 15 of 25
Answer Stats
Hint Answer % Correct
A _____ Is Born Star
96%
In Search of Noah's _____ Ark
95%
Taxi _____ Driver
93%
_____ Kong King
92%
The Pink _____ Strikes Again Panther
90%
_____ Wash Car
88%
_____ by Death Murder
74%
That's _____, Part II Entertainment
69%
The Bad News _____ Bears
68%
The _____ Josey Wales Outlaw
67%
All the _____’s Men President
66%
Logan’s _____ Run
62%
_____ Man Marathon
57%
The _____ of the Damned Voyage
57%
The Cassandra _____ Crossing
50%
_____world Future
47%
Revenge of the _____ Cheerleaders
46%
The _____ and the Magic Flute Smurfs
43%
A Dirty _____'s Work Knight
40%
Silent _____ Movie
37%
Mother, _____ & Speed Jugs
31%
The Big _____ Bus
30%
The Last _____ Tycoon
30%
The _____ of O Marquise
29%
In the Realm of the _____ Senses
26%
No matching quizzes found
Score Distribution
Percent of People with Each Score
Percentile by Number Answered
Your Score History
You have not taken this quiz